[Event "Quebec-ch Amateur U2000"]
[Site "Montreal CAN"]
[Date "2014.10.12"]
[Round "5"]
[White "Rodrigue-Lemieux, Shawn"]
[Black "Lavergne, Daniel"]
[Result "1/2-1/2"]
[WhiteElo "1855"]
[BlackElo "1722"]
[PlyCount "96"]
[EventDate "2014.10.10"]
[EventType "swiss"]
[EventRounds "7"]
[EventCountry "CAN"]

1. d4 Nf6 2. c4 c5 3. d5 b5 4. cxb5 a6 5. bxa6 g6 6. Bf4 d6 7. Nc3 Bxa6 8. e4
Bxf1 9. Kxf1 Nbd7 10. f3 Bg7 11. Nge2 O-O 12. g4 Qb6 13. Qd2 Rfb8 14. Rb1 Qa6
15. h4 Nb6 16. h5 Nc4 17. Qc1 Nd7 18. Kf2 Nde5 19. Bxe5 Nxe5 20. Kg2 Qd3 21.
Rh3 Nc4 22. f4 Qd2 23. Qxd2 Nxd2 24. Ra1 Rxb2 25. Kh1 Ra3 26. Rg3 Rc2 27. Rd1
Nc4 28. Rdd3 Nb2 29. Rdf3 Nd1 30. Nxd1 Rxf3 31. Rxf3 Rxe2 32. Ne3 Rxa2 33. Ng2
Bd4 34. h6 c4 35. Rf1 Ra1 36. Rxa1 Bxa1 37. Ne3 c3 38. Nc2 Bb2 39. Kg2 f6 40.
Kf3 g5 41. f5 Kf8 42. Ke3 Ke8 43. Kd4 Kd7 44. Kc4 Kc7 45. Kb5 Kb7 46. Ka5 Kc7
47. Kb5 Kb7 48. Ka5 Ka7 1/2-1/2

[Event "Quebec-ch Amateur U2000"]
[Site "Montreal CAN"]
[Date "2014.10.13"]
[Round "6"]
[White "Li, Yi Lin"]
[Black "Rodrigue-Lemieux, Shawn"]
[Result "1-0"]
[WhiteElo "1761"]
[BlackElo "1855"]
[PlyCount "51"]
[EventDate "2014.10.10"]
[EventType "swiss"]
[EventRounds "7"]
[EventCountry "CAN"]

1. d4 d5 2. c4 e5 3. dxe5 d4 4. Nf3 Nc6 5. Nbd2 Bf5 6. a3 Qd7 7. Nb3 O-O-O 8.
h3 Kb8 9. e3 dxe3 10. Bxe3 Qe6 11. Nbd4 Nxd4 12. Nxd4 Qe8 13. Qb3 Bd7 14. Be2
Bc5 15. Bf3 b6 16. Rd1 Bxd4 17. Rxd4 Qxe5 18. c5 Nf6 19. cxb6 axb6 20. O-O g5
21. Rb4 Qa5 22. Bxb6 cxb6 23. Rxb6+ Kc7 24. Rc1+ Bc6 25. Rcxc6+ Kd7 26. Qxf7#
1-0

[Event "Quebec-ch Amateur U2000"]
[Site "Montreal CAN"]
[Date "2014.10.13"]
[Round "7"]
[White "Simard, Francois"]
[Black "Rodrigue-Lemieux, Shawn"]
[Result "0-1"]
[WhiteElo "1849"]
[BlackElo "1855"]
[PlyCount "62"]
[EventDate "2014.10.10"]
[EventType "swiss"]
[EventRounds "7"]
[EventCountry "CAN"]

1. Nf3 b6 2. d4 Bb7 3. d5 Nf6 4. c4 d6 5. Nc3 h6 6. e4 e6 7. Bd3 Be7 8. O-O O-O
9. Nd4 c5 10. Nde2 exd5 11. cxd5 a6 12. a4 Re8 13. Ng3 Bc8 14. h3 Ra7 15. b3
Rb7 16. Qe2 Rc7 17. Be3 Nh7 18. f4 Bf6 19. Rac1 Bb7 20. b4 cxb4 21. Na2 Rxc1
22. Rxc1 a5 23. Qf2 Nd7 24. Bb5 Bh4 25. Rc4 Nhf6 26. Bxd7 Qxd7 27. Bxb6 Nxe4
28. Qc2 Nxg3 29. Rc7 Bxd5 30. Rxd7 Re1+ 31. Kf2 Nh1# 0-1

[Event "CAN-op U2400"]
[Site "Montreal CAN"]
[Date "2014.07.20"]
[Round "2"]
[White "Rodrigue-Lemieux, Shawn"]
[Black "Libersan, Thierry"]
[Result "1/2-1/2"]
[WhiteElo "1572"]
[BlackElo "2090"]
[PlyCount "50"]
[EventDate "2014.07.19"]
[EventType "swiss"]
[EventRounds "9"]
[EventCountry "CAN"]

1. a3 d5 2. d4 Nf6 3. c4 e6 4. Nc3 Be7 5. Nf3 O-O 6. Bf4 c6 7. e3 Nbd7 8. cxd5
exd5 9. Bd3 Re8 10. O-O Nf8 11. h3 Ne6 12. Bh2 g6 13. Ne5 Ng7 14. g4 Nd7 15.
Rc1 Nxe5 16. dxe5 h5 17. f4 hxg4 18. hxg4 Bc5 19. Qe2 Bxg4 20. Qxg4 Bxe3+ 21.
Kh1 Bxc1 22. Rxc1 Qb6 23. Rc2 Qe3 24. Qg3 Qxg3 25. Bxg3 Nh5 1/2-1/2

[Event "CAN-op U2400"]
[Site "Montreal CAN"]
[Date "2014.07.20"]
[Round "3"]
[White "Caceres Cortes, Julio"]
[Black "Rodrigue-Lemieux, Shawn"]
[Result "1-0"]
[WhiteElo "2044"]
[BlackElo "1572"]
[PlyCount "111"]
[EventDate "2014.07.19"]
[EventType "swiss"]
[EventRounds "9"]
[EventCountry "CAN"]

1. e4 c5 2. Nf3 d6 3. d4 cxd4 4. Nxd4 Nf6 5. Nc3 Nc6 6. Bg5 e6 7. Qd2 Be7 8. f4
h6 9. Nxc6 bxc6 10. Bxf6 Bxf6 11. O-O-O d5 12. e5 Be7 13. Ne2 O-O 14. h4 Qb6
15. Rh3 a5 16. Nd4 a4 17. g4 Rb8 18. c4 Bc5 19. h5 Rd8 20. Ne2 Ba6 21. Nc3 dxc4
22. Qc2 Be3+ 23. Kb1 Rxd1+ 24. Nxd1 Bxf4 25. Bxc4 Bxc4 26. Qxc4 Bxe5 27. Qxa4
Qg1 28. Rd3 Rxb2+ 29. Kc1 Rb8 30. Qe4 Qc5+ 31. Kd2 Qa5+ 32. Ke3 Qe1+ 33. Kf3
Qxe4+ 34. Kxe4 Bf6 35. Rd6 Rb4+ 36. Kf3 Rd4 37. Rxd4 Bxd4 38. Ke4 e5 39. a4 Kf8
40. a5 Ke7 41. a6 Kd6 42. Nc3 Kc7 43. Ne2 Kb6 44. Ng3 g6 45. g5 hxg5 46. h6 Bb2
47. Ke3 e4 48. Nxe4 Kxa6 49. h7 g4 50. Nd6 f5 51. Kf4 Bc1+ 52. Ke5 g3 53. Nc4
g2 54. h8=Q g1=Q 55. Qa8+ Qa7 56. Qxc6+ 1-0

[Event "CAN-op U2400"]
[Site "Montreal CAN"]
[Date "2014.07.21"]
[Round "4"]
[White "Tremblay, Alain"]
[Black "Rodrigue-Lemieux, Shawn"]
[Result "1-0"]
[WhiteElo "2045"]
[BlackElo "1572"]
[PlyCount "65"]
[EventDate "2014.07.19"]
[EventType "swiss"]
[EventRounds "9"]
[EventCountry "CAN"]

1. Nf3 Nf6 2. c4 g6 3. d4 Bg7 4. Nc3 O-O 5. Bg5 d6 6. e3 Nbd7 7. Be2 h6 8. Bh4
a6 9. Nd2 c6 10. a4 e6 11. O-O d5 12. Ra3 g5 13. Bg3 Ne8 14. f4 f5 15. h3 Nef6
16. cxd5 Nxd5 17. Nxd5 cxd5 18. a5 Qe7 19. Nb3 Nf6 20. Bd3 g4 21. Bh4 gxh3 22.
gxh3 Qf7 23. Kh2 Nd7 24. Rg1 Kh8 25. Ra1 Bf6 26. Bxf6+ Nxf6 27. Nd2 Ne4 28. Nf3
Qf6 29. Bxe4 fxe4 30. Ne5 Kh7 31. Qh5 Rd8 32. Rg6 Qf8 33. Nf7 1-0

[Event "CAN-op U2400"]
[Site "Montreal CAN"]
[Date "2014.07.22"]
[Round "5"]
[White "Rodrigue-Lemieux, Shawn"]
[Black "Currie, James"]
[Result "0-1"]
[WhiteElo "1572"]
[BlackElo "1987"]
[PlyCount "120"]
[EventDate "2014.07.19"]
[EventType "swiss"]
[EventRounds "9"]
[EventCountry "CAN"]

1. e4 d5 2. exd5 Nf6 3. Nf3 Nxd5 4. d4 Bf5 5. c3 g6 6. Bd3 Bc8 7. O-O Bg7 8.
Bd2 O-O 9. c4 Nb6 10. Bc3 e6 11. Na3 c5 12. Nc2 Na4 13. Be2 Nc6 14. Qd2 cxd4
15. Ncxd4 Nxd4 16. Nxd4 e5 17. Nb5 Qxd2 18. Bxd2 Nxb2 19. Rab1 Na4 20. Nc7 Rb8
21. Na6 Bf5 22. Nxb8 Bxb1 23. Rxb1 Rxb8 24. Bf3 Rd8 25. Bd5 Nb6 26. Ba5 Rd6 27.
Bxb6 axb6 28. Bxb7 Rd2 29. a4 Bf8 30. Rf1 Bc5 31. Bd5 Kg7 32. g4 Ra2 33. Bc6
Kf6 34. Kg2 Ra3 35. h4 Rc3 36. Bb5 Rc2 37. Kg3 Ke6 38. Ba6 f5 39. gxf5+ gxf5
40. Bc8+ Kf6 41. Ba6 Rc3+ 42. Kg2 e4 43. Kh2 f4 44. Re1 Ke5 45. Kg2 Rc2 46. Rf1
h5 47. Bb5 Be7 48. Rd1 Bxh4 49. Rd5+ Ke6 50. Rxh5 Bxf2 51. Bc6 Bg3+ 52. Kf1 f3
53. Bd5+ Kf6 54. Rh6+ Ke5 55. Re6+ Kd4 56. Rxe4+ Kc5 57. Re1 Rf2+ 58. Kg1 Rg2+
59. Kf1 Rg1+ 60. Kxg1 f2+ 0-1

[Event "CAN-op U2400"]
[Site "Montreal CAN"]
[Date "2014.07.23"]
[Round "6"]
[White "Rodrigue-Lemieux, Shawn"]
[Black "De Kerpel, Stijn"]
[Result "0-1"]
[WhiteElo "1572"]
[BlackElo "2183"]
[PlyCount "94"]
[EventDate "2014.07.19"]
[EventType "swiss"]
[EventRounds "9"]
[EventCountry "CAN"]

1. e4 d5 2. exd5 Qxd5 3. Nc3 Qd6 4. d4 Nf6 5. Nf3 c6 6. Bc4 Bg4 7. Be3 e6 8.
O-O Nbd7 9. h3 Bh5 10. Be2 Qc7 11. Nd2 Bg6 12. a4 Nb6 13. Nc4 Nxc4 14. Bxc4 Bb4
15. Ne2 O-O 16. Nf4 Rad8 17. Nxg6 hxg6 18. c3 Bd6 19. Qc2 Nd5 20. Rae1 a6 21.
Bd3 Rc8 22. Bg5 c5 23. Bxg6 fxg6 24. Qxg6 Qf7 25. Qxe6 Qxe6 26. Rxe6 Rc6 27.
Rfe1 cxd4 28. cxd4 Nc7 29. R6e2 Rc4 30. Be7 Bxe7 31. Rxe7 Rf7 32. R7e5 Rxa4 33.
d5 Rd4 34. Rc1 Rxd5 35. Rxd5 Nxd5 36. Rc4 Rc7 37. Rd4 Rc1+ 38. Kh2 Nf6 39. Kg3
Kf7 40. Kf3 Rc2 41. b4 Ke6 42. g4 Rc3+ 43. Ke2 Rxh3 44. b5 a5 45. b6 Rb3 46.
Ra4 Rb5 47. f3 Nd5 0-1

[Event "CAN-op U2400"]
[Site "Montreal CAN"]
[Date "2014.07.24"]
[Round "7"]
[White "Thau, Peter"]
[Black "Rodrigue-Lemieux, Shawn"]
[Result "0-1"]
[WhiteElo "1813"]
[BlackElo "1572"]
[PlyCount "62"]
[EventDate "2014.07.19"]
[EventType "swiss"]
[EventRounds "9"]
[EventCountry "CAN"]

1. d4 d5 2. c4 e5 3. dxe5 d4 4. Nf3 Nc6 5. e3 Bb4+ 6. Bd2 dxe3 7. fxe3 Bxd2+ 8.
Nbxd2 Nge7 9. Qb3 O-O 10. Be2 Rb8 11. Rd1 Qe8 12. O-O Ng6 13. Ne4 Ncxe5 14.
Neg5 Ng4 15. e4 h6 16. Nxf7 Rxf7 17. c5 Be6 18. Bc4 Bxc4 19. Qxc4 Ne3 20. Qb3
Nxd1 21. Rxd1 Nf4 22. Qc4 Qe6 23. Qa4 Qg4 24. Rd2 Nh3+ 25. Kf1 Rxf3+ 26. gxf3
Qxf3+ 27. Ke1 Rf8 28. Qb3+ Qxb3 29. axb3 Nf4 30. Rd7 Ne6 31. b4 Rf4 0-1

[Event "CAN-op U2400"]
[Site "Montreal CAN"]
[Date "2014.07.25"]
[Round "8"]
[White "Rodrigue-Lemieux, Shawn"]
[Black "Bouchard, Jean-Marc"]
[Result "0-1"]
[WhiteElo "1572"]
[BlackElo "1925"]
[PlyCount "84"]
[EventDate "2014.07.19"]
[EventType "swiss"]
[EventRounds "9"]
[EventCountry "CAN"]

1. a3 d5 2. d4 e6 3. e3 f5 4. c4 Nf6 5. Nc3 c6 6. Nf3 Bd6 7. c5 Bc7 8. Ne5 O-O
9. f4 Nbd7 10. Be2 Ne4 11. Nxe4 fxe4 12. O-O Nxe5 13. dxe5 b6 14. b4 a5 15. Bb2
Ba6 16. Bxa6 Rxa6 17. Qe2 Ra8 18. Qf2 b5 19. g4 Qe7 20. Qg2 a4 21. Kh1 Rf7 22.
Rg1 g5 23. Raf1 Raf8 24. Qd2 h6 25. Rf2 Kh7 26. Rgf1 gxf4 27. exf4 Qh4 28. f5
Qxg4 29. f6 Rg8 30. Bc1 Qh5 31. Bb2 Bxe5 32. Bxe5 Qxe5 33. Rf4 Rg6 34. Qf2 d4
35. Qh4 e3 36. Rxd4 e2 37. Re1 Rgxf6 38. Rg1 Rf1 39. Rdg4 Qd5+ 40. Re4 R1f4 41.
Rg7+ Kxg7 42. Qg4+ Rxg4 0-1

[Event "CAN-op U2400"]
[Site "Montreal CAN"]
[Date "2014.07.26"]
[Round "9"]
[White "Beaulieu, Pierre"]
[Black "Rodrigue-Lemieux, Shawn"]
[Result "0-1"]
[WhiteElo "1858"]
[BlackElo "1572"]
[PlyCount "90"]
[EventDate "2014.07.19"]
[EventType "swiss"]
[EventRounds "9"]
[EventCountry "CAN"]

1. b3 e5 2. Bb2 Nc6 3. e3 d5 4. Bb5 Bd6 5. c4 Nf6 6. Ne2 O-O 7. cxd5 Nxd5 8.
Bxc6 bxc6 9. a3 Ba6 10. O-O Bd3 11. f3 Rb8 12. Rf2 Qg5 13. Nbc3 Qg6 14. Rc1 Ne7
15. Na4 Qh5 16. Nc5 Bxe2 17. Qxe2 e4 18. g4 Qh3 19. fxe4 Rb5 20. d4 Bxc5 21.
Rxc5 Rxb3 22. Bc1 Rb1 23. Rf1 g6 24. Qg2 Qxg2+ 25. Kxg2 Rb5 26. Rc4 Rb3 27. Ra4
Ra8 28. Bd2 Nc8 29. Ra6 Nb6 30. Bc1 Rc3 31. a4 Nc4 32. Kf3 Rb8 33. Rxa7 Rb1 34.
Rxc7 Rbxc1 35. Rxc1 Rxc1 36. Ke2 Nb2 37. a5 Ra1 38. Ra7 Ra2 39. Kf3 Ra3 40. a6
Nc4 41. d5 cxd5 42. exd5 Kf8 43. Ke4 Ke8 44. Kd4 Nd6 45. e4 Nb5+ 0-1

[Event "CYCC U10"]
[Site "Montreal CAN"]
[Date "2014.07.18"]
[Round "7"]
[White "Zhong, Wenxuan"]
[Black "Rodrigue-Lemieux, Shawn"]
[Result "1-0"]
[WhiteElo "1489"]
[BlackElo "1546"]
[PlyCount "69"]
[EventDate "2014.07.15"]
[EventType "swiss"]
[EventRounds "7"]
[EventCountry "CAN"]

1. e4 c5 2. Nf3 d6 3. d4 cxd4 4. Nxd4 Nf6 5. Nc3 Nc6 6. Bg5 e6 7. Qd2 Be7 8.
O-O-O O-O 9. f3 Qa5 10. h4 Rd8 11. Kb1 h6 12. Be3 Nxd4 13. Bxd4 e5 14. Be3 Be6
15. Be2 a6 16. g4 d5 17. exd5 Bb4 18. Qc1 Nxd5 19. Nxd5 Rxd5 20. Rxd5 Bxd5 21.
c4 Rc8 22. Rd1 Bxc4 23. Bxc4 b5 24. Bxf7+ Kxf7 25. Qxc8 Be7 26. Qf5+ Bf6 27.
Rd7+ Kg8 28. Qe6+ Kh8 29. g5 Qe1+ 30. Bc1 hxg5 31. hxg5 Bxg5 32. Qe8+ Kh7 33.
Qh5+ Bh6 34. Qf5+ Kg8 35. Rd8# 1-0

[Event "Laval op"]
[Site "Laval CAN"]
[Date "2014.06.21"]
[Round "3"]
[White "Rodrigue-Lemieux, Shawn"]
[Black "Libersan, Thierry"]
[Result "0-1"]
[WhiteElo "1522"]
[BlackElo "2103"]
[PlyCount "60"]
[EventDate "2014.06.20"]
[EventType "swiss"]
[EventRounds "5"]
[EventCountry "CAN"]

1. e4 c5 2. Nf3 e6 3. g3 Nc6 4. Bg2 d6 5. O-O Nf6 6. d3 Be7 7. c3 O-O 8. Nbd2
Rb8 9. d4 cxd4 10. cxd4 b6 11. Re1 Bb7 12. Nb3 Rc8 13. Bf4 Nb4 14. Re2 Bxe4 15.
Ne1 Bxg2 16. Nxg2 Qd7 17. Bd2 Nbd5 18. Nf4 Nxf4 19. Bxf4 Nd5 20. Bd2 Bf6 21. h4
a5 22. a4 Rc4 23. Bc1 Rfc8 24. Re1 Nb4 25. Re2 Qc6 26. h5 h6 27. Bf4 Nd5 28.
Bc1 Rxa4 29. Rb1 Rc4 30. g4 a4 0-1

[Event "Laval op"]
[Site "Laval CAN"]
[Date "2014.06.22"]
[Round "4"]
[White "Luo, Zhao Yang"]
[Black "Rodrigue-Lemieux, Shawn"]
[Result "1-0"]
[WhiteElo "1955"]
[BlackElo "1522"]
[PlyCount "61"]
[EventDate "2014.06.20"]
[EventType "swiss"]
[EventRounds "5"]
[EventCountry "CAN"]

1. d4 d5 2. Nf3 e6 3. e3 c5 4. b3 Nc6 5. Bd3 b6 6. O-O Bd6 7. Bb2 Nf6 8. Nbd2
Bb7 9. Ne5 O-O 10. a3 Qc7 11. f4 cxd4 12. exd4 Rfd8 13. Qf3 Ne7 14. Qh3 Ng6 15.
Rae1 Ne4 16. Bxe4 dxe4 17. c4 Nxe5 18. fxe5 Bxe5 19. Nxe4 Bxd4+ 20. Bxd4 Rxd4
21. Ng5 h6 22. Rxf7 Qd6 23. Rxb7 hxg5 24. Qxe6+ Qxe6 25. Rxe6 Rf8 26. h3 Rf7
27. Re8+ Rf8 28. Ree7 Rh4 29. Rxg7+ Kh8 30. Rxg5 b5 31. Rbxb5 1-0

[Event "Laval op"]
[Site "Laval CAN"]
[Date "2014.06.22"]
[Round "5"]
[White "Rodrigue-Lemieux, Shawn"]
[Black "Jacquet, Stephane"]
[Result "1-0"]
[WhiteElo "1522"]
[BlackElo "2017"]
[PlyCount "119"]
[EventDate "2014.06.20"]
[EventType "swiss"]
[EventRounds "5"]
[EventCountry "CAN"]

1. a3 d5 2. d4 Nf6 3. e3 Nc6 4. c4 e6 5. Nc3 Be7 6. Nf3 O-O 7. b4 a6 8. Bb2 Ne4
9. Bd3 f5 10. Qe2 Bf6 11. cxd5 exd5 12. Nxd5 Bg5 13. O-O Kh8 14. Nc3 Re8 15.
Rfd1 b5 16. Rac1 Bb7 17. Rc2 Bf6 18. Nxb5 axb5 19. Bxb5 Qd5 20. Rdc1 Ne7 21.
Bxe8 Rxe8 22. Rxc7 g5 23. Qc4 g4 24. Qxd5 Bxd5 25. Ne1 Bh4 26. Nd3 Kg7 27. b5
Kh6 28. b6 Rb8 29. Bc3 Nxc3 30. R7xc3 Rxb6 31. Nb4 Be4 32. Rc5 Ng6 33. d5 Ne5
34. Rd1 Be7 35. Rc7 Bd6 36. Ra7 Kg6 37. Ra8 h5 38. Rc8 Kf6 39. Rh8 Kg7 40. Rc8
Kf6 41. Rh8 Kg7 42. Rxh5 Nc4 43. Nc6 Bxd5 44. Nd4 Be4 45. Nxf5+ Kg6 46. Nxd6
Nxd6 47. Rc5 Kf6 48. a4 Ke6 49. a5 Ra6 50. Rg5 Bf5 51. f3 gxf3 52. gxf3 Nc4 53.
e4 Bh7 54. Rg7 Bxe4 55. fxe4 Kf6 56. Rc7 Ne5 57. Rc5 Nf3+ 58. Kf2 Ng5 59. Rf5+
Kg6 60. Rg1 1-0

[Event "Mauricie op U2000"]
[Site "Trois-Rivieres CAN"]
[Date "2014.03.15"]
[Round "2"]
[White "Bond, Jocelyn"]
[Black "Rodrigue-Lemieux, Shawn"]
[Result "1-0"]
[WhiteElo "1955"]
[BlackElo "1601"]
[PlyCount "91"]
[EventDate "2014.03.14"]
[EventType "swiss"]
[EventRounds "5"]
[EventCountry "CAN"]

1. d4 d5 2. Nf3 e6 3. Bg5 Be7 4. Bxe7 Nxe7 5. e3 O-O 6. Bd3 f5 7. c4 c6 8. Nc3
a5 9. Rc1 Rf6 10. Qb3 Qe8 11. Ne5 Ng6 12. f4 Nxe5 13. dxe5 Rh6 14. cxd5 cxd5
15. Nb5 Na6 16. Nd6 Qf8 17. a3 g5 18. Bxa6 bxa6 19. O-O Rg6 20. Rc7 Qd8 21.
Rfc1 Bd7 22. Qb7 Rg7 23. fxg5 Rb8 24. Qxa6 Ra8 25. Qe2 Qxg5 26. g3 h5 27. Kh1
Kh7 28. Qf3 Rag8 29. Rg1 Ba4 30. Rxg7+ Rxg7 31. h4 Qg6 32. Qf4 Rc7 33. Qxa4 Ra7
34. Kh2 Qg7 35. Qe8 Qxe5 36. Qxh5+ Kg8 37. Qg5+ Rg7 38. Qf4 Qxb2+ 39. Rg2 Qxa3
40. Rc2 Qd3 41. Rb2 Qa3 42. Rb8+ Kh7 43. Nxf5 Qa2+ 44. Kh3 exf5 45. Qxf5+ Rg6
46. h5 1-0

[Event "Quebec-ch U20"]
[Site "Montreal CAN"]
[Date "2014.02.08"]
[Round "2"]
[White "Fan, Run Kun"]
[Black "Rodrigue-Lemieux, Shawn"]
[Result "1-0"]
[WhiteElo "1701"]
[BlackElo "1651"]
[PlyCount "63"]
[EventDate "2014.02.07"]
[EventType "swiss"]
[EventRounds "5"]
[EventCountry "CAN"]

1. Nf3 d5 2. g3 c5 3. Bg2 Nf6 4. O-O Nc6 5. d4 cxd4 6. Nxd4 e5 7. Nxc6 bxc6 8.
c4 Be6 9. Nc3 Be7 10. Bg5 e4 11. Qc2 Rc8 12. Rfd1 Qb6 13. Be3 Qc7 14. cxd5 cxd5
15. Qa4+ Qc6 16. Qxc6+ Rxc6 17. Bxa7 O-O 18. a3 Ra8 19. Bd4 Rd8 20. f3 Rc4 21.
e3 Kf8 22. fxe4 dxe4 23. Nxe4 Ng4 24. h3 Nf6 25. Nxf6 gxf6 26. Rac1 Rxc1 27.
Rxc1 Kg7 28. g4 h6 29. a4 Bd5 30. Bxd5 Rxd5 31. Kg2 Bb4 32. Rc4 1-0

[Event "Quebec-ch U20"]
[Site "Montreal CAN"]
[Date "2014.02.08"]
[Round "3"]
[White "Rodrigue-Lemieux, Shawn"]
[Black "Johnson-Constantin, Matthieu"]
[Result "0-1"]
[WhiteElo "1651"]
[BlackElo "1639"]
[PlyCount "63"]
[EventDate "2014.02.07"]
[EventType "swiss"]
[EventRounds "5"]
[EventCountry "CAN"]

1. e4 e6 2. d4 d5 3. Nc3 dxe4 4. Nxe4 Nf6 5. Nxf6+ gxf6 6. Nf3 c5 7. c3 Nc6 8.
Bb5 Bd7 9. d5 exd5 10. Qxd5 Qe7+ 11. Be3 O-O-O 12. O-O-O Rg8 13. Rhe1 Be6 14.
Qe4 f5 15. Qc2 Rxd1+ 16. Rxd1 Qc7 17. g3 Bd6 18. Qa4 Rg4 19. c4 f4 20. gxf4
Bxf4 21. Bxc6 Bxe3+ 22. fxe3 Rxc4+ 23. Qxc4 Bxc4 24. Be4 Bxa2 25. Bxh7 Bb3 26.
Rg1 Qa5 27. Bb1 Qa1 28. Nd2 Ba2 29. h4 Bxb1 30. Nxb1 Qa4 31. Rh1 Qe4 32. Rh3
0-1

[Event "Quebec-ch U20"]
[Site "Montreal CAN"]
[Date "2014.02.09"]
[Round "4"]
[White "Tinica, Gabriel"]
[Black "Rodrigue-Lemieux, Shawn"]
[Result "0-1"]
[WhiteElo "1402"]
[BlackElo "1651"]
[PlyCount "86"]
[EventDate "2014.02.07"]
[EventType "swiss"]
[EventRounds "5"]
[EventCountry "CAN"]

1. d4 Nf6 2. c4 g6 3. Nc3 Bg7 4. e4 d6 5. Be2 O-O 6. Bg5 a5 7. Qd2 Nc6 8. O-O-O
Bd7 9. f3 e5 10. d5 Nb4 11. g4 Na6 12. h4 Nc5 13. h5 a4 14. hxg6 fxg6 15. Kb1
Ra6 16. Bh6 Qe7 17. g5 Nh5 18. Nh3 Bxh3 19. Rxh3 Rfa8 20. Rdh1 Bxh6 21. gxh6
Nf4 22. Rg3 Qd7 23. Bf1 Nb3 24. Qd1 Nd4 25. Bh3 Qf7 26. Bg4 Kh8 27. Rhg1 Rb8
28. Rh1 b5 29. cxb5 Nxb5 30. Nxb5 Rxb5 31. Rh2 a3 32. b3 Rc5 33. Rc2 Raa5 34.
Rxc5 Rxc5 35. b4 Rc3 36. Qd2 Rd3 37. Qc2 Rd4 38. Qa4 Ne2 39. Qa8+ Qg8 40. Qxg8+
Kxg8 41. Be6+ Kf8 42. Rg5 Rxb4+ 43. Kc2 Rb2+ 0-1

[Event "Quebec-ch U20"]
[Site "Montreal CAN"]
[Date "2014.02.09"]
[Round "5"]
[White "Rodrigue-Lemieux, Shawn"]
[Black "Gao, Christine"]
[Result "1/2-1/2"]
[WhiteElo "1651"]
[BlackElo "1555"]
[PlyCount "73"]
[EventDate "2014.02.07"]
[EventType "swiss"]
[EventRounds "5"]
[EventCountry "CAN"]

1. e4 c5 2. Nf3 d6 3. d4 cxd4 4. Nxd4 Nf6 5. Nc3 g6 6. Be3 Bg7 7. f3 O-O 8. Qd2
Nc6 9. Bc4 Bd7 10. O-O-O Rc8 11. Bb3 Ne5 12. g4 b5 13. h4 b4 14. Nd5 Nxd5 15.
Bxd5 Nc4 16. Bxc4 Rxc4 17. Nb3 Qc7 18. Kb1 Rc8 19. Rc1 a5 20. Qd1 a4 21. Nd2
Rc6 22. e5 dxe5 23. Ne4 Be6 24. c3 bxc3 25. Nxc3 e4 26. Nxa4 Rxc1+ 27. Qxc1 Qa5
28. Qd1 Ra8 29. b3 Rb8 30. Bf4 Rd8 31. Qc2 Qb5 32. fxe4 Bxg4 33. Nc3 Qb4 34.
Bd2 Qd4 35. Rh2 Bf3 36. Be1 Qg1 37. Qf2 1/2-1/2

[Event "Quebec-ch U10"]
[Site "Montreal CAN"]
[Date "2014.01.18"]
[Round "1"]
[White "Mocanu, Alexander"]
[Black "Rodrigue-Lemieux, Shawn"]
[Result "0-1"]
[WhiteElo "950"]
[BlackElo "1644"]
[PlyCount "106"]
[EventDate "2014.01.18"]
[EventType "swiss"]
[EventRounds "5"]
[EventCountry "CAN"]

1. e4 c5 2. Nf3 d6 3. d4 cxd4 4. Nxd4 Nf6 5. Nc3 Nc6 6. Be3 e5 7. Nf3 Be7 8.
Bc4 O-O 9. O-O h6 10. h3 Be6 11. Bxe6 fxe6 12. Qe2 a6 13. a4 Rc8 14. Rfd1 Qc7
15. Rd2 Rfd8 16. Rad1 Na5 17. Rb1 Nc4 18. Rdd1 d5 19. exd5 exd5 20. Bd2 e4 21.
Nd4 Qe5 22. Be3 Nh5 23. Nb3 Bd6 24. Kf1 Rf8 25. Rxd5 Ng3+ 26. Ke1 Nxe2 27. Rxe5
Bxe5 28. Kxe2 Nxe3 29. Kxe3 Bxc3 30. bxc3 Rxc3+ 31. Kxe4 Rxc2 32. Nd4 Rcxf2 33.
Rxb7 Rxg2 34. Ra7 Rg6 35. Nb3 Rc8 36. Kd5 Rg3 37. Nd4 Rxh3 38. Rxa6 Rh5+ 39.
Kd6 Rd8+ 40. Kc7 Rxd4 41. Ra8+ Kf7 42. a5 Ra4 43. Kb6 Rhxa5 44. Rxa5 Rxa5 45.
Kxa5 h5 46. Kb4 h4 47. Kc3 h3 48. Kd2 h2 49. Ke2 h1=Q 50. Kf2 Kf6 51. Kg3 Kg5
52. Kf2 Kf4 53. Ke2 Qc1 0-1

[Event "Quebec-ch U10"]
[Site "Montreal CAN"]
[Date "2014.01.18"]
[Round "2"]
[White "Rodrigue-Lemieux, Shawn"]
[Black "Demers, Alexis"]
[Result "1-0"]
[WhiteElo "1644"]
[BlackElo "1177"]
[PlyCount "63"]
[EventDate "2014.01.18"]
[EventType "swiss"]
[EventRounds "5"]
[EventCountry "CAN"]

1. e4 c5 2. Nf3 d6 3. d4 cxd4 4. Nxd4 Nf6 5. Nc3 g6 6. Be3 Bg7 7. f3 Nc6 8. Qd2
O-O 9. Bc4 Bd7 10. O-O-O Rc8 11. Bb3 Ne5 12. h4 h5 13. g4 Nc4 14. Bxc4 Rxc4 15.
gxh5 Nxh5 16. Rdg1 a6 17. Nb3 b5 18. Nd5 e5 19. Bg5 f6 20. Be3 Be8 21. Bh6 Bf7
22. Bxg7 Kxg7 23. Kb1 Bxd5 24. Qxd5 Rf7 25. Qd2 Rfc7 26. c3 Rc8 27. Rg4 Kf7 28.
Qd5+ Kg7 29. Rxg6+ Kxg6 30. Rg1+ Kh6 31. Qf7 Qe8 32. Rg6# 1-0

[Event "Quebec-ch U10"]
[Site "Montreal CAN"]
[Date "2014.01.18"]
[Round "3"]
[White "Zhong, Wenxuan"]
[Black "Rodrigue-Lemieux, Shawn"]
[Result "1-0"]
[WhiteElo "1290"]
[BlackElo "1644"]
[PlyCount "113"]
[EventDate "2014.01.18"]
[EventType "swiss"]
[EventRounds "5"]
[EventCountry "CAN"]

1. e4 c5 2. Nf3 d6 3. d4 cxd4 4. Nxd4 Nf6 5. Nc3 g6 6. Be3 Bg7 7. Bc4 O-O 8. f3
Nc6 9. Qd2 Bd7 10. O-O-O Rc8 11. Bb3 Ne5 12. Kb1 Nc4 13. Bxc4 Rxc4 14. g4 Qa5
15. Nb3 Qc7 16. e5 Ne8 17. exd6 Nxd6 18. Bd4 Be6 19. Bxg7 Kxg7 20. h4 Rh8 21.
h5 a5 22. hxg6 fxg6 23. Nd5 Bxd5 24. Qxd5 Nf7 25. Rc1 e5 26. Qxa5 Qc6 27. Qe1
Ra4 28. Qe2 b5 29. Rcd1 Rha8 30. Nc1 Re8 31. Nd3 e4 32. fxe4 Raxe4 33. Qg2 Qc8
34. Rhe1 Rxe1 35. Rxe1 Rxe1+ 36. Nxe1 Qd8 37. Nd3 Qd4 38. Qg3 Qe4 39. a3 Qh1+
40. Ka2 Qc6 41. Nb4 Qc4+ 42. b3 Qe2 43. Qc3+ Kg8 44. Qc8+ Kg7 45. Kb2 h6 46.
Nd5 Qe5+ 47. Qc3 g5 48. a4 bxa4 49. bxa4 Kf8 50. Qxe5 Nxe5 51. Ne3 Ke8 52. Kb3
Kd7 53. Kb4 Kc6 54. a5 Kb7 55. Kb5 Ka7 56. c4 Kb7 57. c5 1-0

[Event "Quebec-ch U10"]
[Site "Montreal CAN"]
[Date "2014.01.19"]
[Round "4"]
[White "Rodrigue-Lemieux, Shawn"]
[Black "Huang, Qiuyu"]
[Result "1-0"]
[WhiteElo "1644"]
[BlackElo "1580"]
[PlyCount "77"]
[EventDate "2014.01.18"]
[EventType "swiss"]
[EventRounds "5"]
[EventCountry "CAN"]

1. e4 c5 2. Nf3 Nc6 3. Bb5 g6 4. Bxc6 bxc6 5. O-O d6 6. h3 Bg7 7. d3 Bb7 8. c3
Nf6 9. Be3 e5 10. Nbd2 Ba6 11. Qc2 O-O 12. Rfd1 Re8 13. Rab1 Bb7 14. Nc4 Qc7
15. a4 d5 16. Ncd2 d4 17. Bg5 Ba6 18. cxd4 cxd4 19. Nc4 Bxc4 20. Qxc4 h6 21.
Bxf6 Bxf6 22. Rdc1 Rac8 23. b4 Qd7 24. Qb3 Rb8 25. Qd1 Qd6 26. Rc4 Rb7 27. Qc1
Rc8 28. Qxh6 a5 29. b5 Qa3 30. Qd2 Rcc7 31. Qc2 c5 32. Nd2 Bg5 33. Rb3 Qa1+ 34.
Nb1 Bc1 35. Qxc1 Qa2 36. Nd2 f5 37. Ra3 Qxa3 38. Qxa3 fxe4 39. Nxe4 1-0

[Event "Quebec-ch U10"]
[Site "Montreal CAN"]
[Date "2014.01.19"]
[Round "5"]
[White "Liu, Robert"]
[Black "Rodrigue-Lemieux, Shawn"]
[Result "0-1"]
[WhiteElo "981"]
[BlackElo "1644"]
[PlyCount "94"]
[EventDate "2014.01.18"]
[EventType "swiss"]
[EventRounds "5"]
[EventCountry "CAN"]

1. c4 Nf6 2. d4 g6 3. Nc3 Bg7 4. Nf3 d6 5. Bg5 O-O 6. e3 Nbd7 7. Be2 c5 8. d5
Nb6 9. Rc1 h6 10. Bxf6 Bxf6 11. h4 a6 12. Nd2 e6 13. e4 Kg7 14. h5 g5 15. g3
Rg8 16. Rg1 Kh8 17. Bd3 g4 18. Nf1 exd5 19. cxd5 Nd7 20. Ne3 Ne5 21. Be2 b5 22.
Qd2 Bg5 23. Ncd1 f5 24. exf5 Bxf5 25. Qc3 b4 26. Qb3 Bd7 27. Ra1 Qe8 28. a4 Rb8
29. a5 Bb5 30. Rg2 Bxe2 31. Kxe2 Qb5+ 32. Kd2 Nc4+ 33. Kc2 Nxe3+ 34. fxe3 c4
35. Qa4 Qxd5 36. Rd2 Qe4+ 37. Kc1 Bxe3 38. Nxe3 Qxe3 39. Kc2 c3 40. bxc3 Qxc3+
41. Kd1 Qf3+ 42. Kc2 Rgc8+ 43. Kb1 Qe3 44. Rb2 Rc1+ 45. Ka2 b3+ 46. Rxb3 Qd2+
47. Rb2 Qxb2# 0-1